[Event "11th Edmonton International"]
[Site "Edmonton"]
[Date "2016.06.21"]
[Round "4.2"]
[White "Ganguly, Surya"]
[Black "Sambuev, Bator"]
[Result "1-0"]
[WhiteElo "2654"]
[BlackElo "2540"]
[PlyCount "87"]
[EventDate "2016.06.18"]
[EventType "tourn"]
[EventRounds "9"]
[EventCountry "CAN"]

1. e4 e6 2. d4 d5 3. Nc3 Bb4 4. e5 c5 5. a3 Ba5 6. b4 cxd4 7. Qg4 Ne7 8. bxa5
dxc3 9. Qxg7 Rg8 10. Qxh7 Nbc6 11. Nf3 Qc7 12. Bf4 Bd7 13. a6 O-O-O 14. axb7+
Kb8 15. Qd3 Rg4 16. g3 Ng6 17. Qxc3 Nxf4 18. h3 Nxh3 19. Rxh3 Re4+ 20. Kd2 f6
21. Bd3 Qb6 22. Rh2 Rxe5 23. Nxe5 fxe5 24. Kc1 Nd4 25. Rb1 Qd6 26. Rh7 Nc6 27.
Bb5 Nd4 28. Bd3 Nc6 29. f3 Be8 30. Rh8 e4 31. fxe4 dxe4 32. Bxe4 Nd4 33. Qd3
Ne2+ 34. Kd2 Nd4 35. Rb4 e5 36. Rc4 Qe7 37. Rc8+ Rxc8 38. bxc8=Q+ Kxc8 39. Qa6+
Kd8 40. Qa5+ Kc8 41. Ke1 Qg5 42. Qc5+ Kd7 43. Rh7+ Ke6 44. Qd5+ 1-0

[Event "11th Edmonton International"]
[Site "Edmonton"]
[Date "2016.06.21"]
[Round "4.3"]
[White "Shankland, Sam"]
[Black "Sethuraman, S P."]
[Result "1-0"]
[WhiteElo "2646"]
[BlackElo "2653"]
[PlyCount "79"]
[EventDate "2016.06.18"]
[EventType "tourn"]
[EventRounds "9"]
[EventCountry "CAN"]

1. d4 Nf6 2. c4 g6 3. Nc3 Bg7 4. e4 O-O 5. f3 d6 6. Nge2 Nc6 7. Be3 a6 8. Qd2
Rb8 9. Rc1 h5 10. Nd1 e5 11. d5 Ne7 12. g3 c6 13. Bg2 b5 14. b3 a5 15. O-O Ba6
16. Nb2 bxc4 17. bxc4 Rb4 18. Rc2 h4 19. Rfc1 hxg3 20. hxg3 Qb8 21. Nd3 Ra4 22.
Rc3 Rc8 23. Bh3 Rc7 24. c5 cxd5 25. cxd6 Rxc3 26. Nxc3 Ra3 27. Bc5 Rxc3 28.
Qxc3 dxe4 29. dxe7 exd3 30. Qxa5 Qb2 31. Rf1 Bb5 32. Be3 e4 33. a4 Bc6 34. fxe4
Qe2 35. Qd2 Nxe4 36. Qxe2 dxe2 37. Re1 Nc3 38. a5 Nd1 39. Bc5 Nc3 40. Bg2 1-0

[Event "11th Edmonton International"]
[Site "Edmonton"]
[Date "2016.06.21"]
[Round "4.5"]
[White "Valencia, Belsar"]
[Black "Haessel, Dale"]
[Result "1/2-1/2"]
[WhiteElo "2277"]
[BlackElo "2234"]
[PlyCount "81"]
[EventDate "2016.06.18"]
[EventType "tourn"]
[EventRounds "9"]
[EventCountry "CAN"]

1. Nf3 Nf6 2. g3 b5 3. Bg2 Bb7 4. d3 e6 5. e4 d6 6. O-O Nbd7 7. Nbd2 c5 8. Re1
Be7 9. c3 O-O 10. a4 a6 11. b3 Qc7 12. Bb2 Ne5 13. Qe2 Bc6 14. axb5 axb5 15.
Ng5 c4 16. bxc4 bxc4 17. Nxc4 Nxc4 18. dxc4 Nd7 19. Nf3 Bb7 20. Ba3 Nb6 21. Nd2
Ba6 22. Bf1 Rfc8 23. Bb4 h6 24. Qd3 Nd7 25. f4 Bb7 26. Qe3 Rxa1 27. Rxa1 Ra8
28. Rxa8+ Bxa8 29. Bg2 Nb6 30. Qd3 Qa7 31. Qe3 Qc7 32. Bf1 Na4 33. h3 Kf8 34.
Kh2 Nc5 35. Bg2 Bb7 36. Bxc5 dxc5 37. Qd3 f6 38. Nf1 Qd8 39. Qe2 Qa5 40. Qb2
Qa8 41. Qe2 1/2-1/2

[Event "11th Edmonton International"]
[Site "Edmonton"]
[Date "2016.06.22"]
[Round "5.1"]
[White "Sethuraman, S P."]
[Black "Shirov, Alexei"]
[Result "1-0"]
[WhiteElo "2653"]
[BlackElo "2682"]
[PlyCount "43"]
[EventDate "2016.06.18"]
[EventType "tourn"]
[EventRounds "9"]
[EventCountry "CAN"]

1. d4 d5 2. c4 c6 3. Nc3 Nf6 4. e3 e6 5. Nf3 Nbd7 6. Bd3 dxc4 7. Bxc4 b5 8. Bd3
Bb7 9. a3 Bd6 10. O-O O-O 11. Qc2 Rc8 12. b4 c5 13. bxc5 Bxf3 14. cxd6 Nd5 15.
gxf3 Qg5+ 16. Kh1 Qh5 17. Be2 Nxc3 18. Rg1 Nf6 19. Bb2 Na4 20. Qd2 Rfd8 21. e4
Rxd6 22. e5 1-0

[Event "11th Edmonton International"]
[Site "Edmonton"]
[Date "2016.06.22"]
[Round "5.2"]
[White "Haessel, Dale"]
[Black "Ganguly, Surya"]
[Result "0-1"]
[WhiteElo "2234"]
[BlackElo "2654"]
[PlyCount "74"]
[EventDate "2016.06.18"]
[EventType "tourn"]
[EventRounds "9"]
[EventCountry "CAN"]

1. d4 Nf6 2. c4 e6 3. Nf3 d5 4. Nc3 c6 5. e3 Nbd7 6. Qc2 Bd6 7. b3 O-O 8. Be2
b6 9. O-O Bb7 10. Bb2 Qe7 11. Rfd1 Rfd8 12. Rac1 Rac8 13. Qb1 h6 14. h3 a6 15.
a4 c5 16. Qa2 dxc4 17. bxc4 cxd4 18. exd4 Nh5 19. g3 Ndf6 20. Rd3 Ba8 21. Re3
Qb7 22. Kh2 g5 23. Rg1 Ng7 24. Nd2 Nf5 25. Nce4 Nxe4 26. Rxe4 Bb4 27. Bf3 Bxd2
28. Ba1 Bb4 29. d5 Bf8 30. dxe6 Qe7 31. Re5 fxe6 32. Bg4 Rc5 33. Rge1 Rxe5 34.
Rxe5 Bg7 35. c5 Bxe5 36. Bxe5 Bd5 37. Qe2 Qxc5 0-1

[Event "11th Edmonton International"]
[Site "Edmonton"]
[Date "2016.06.22"]
[Round "5.3"]
[White "Findlay, Ian"]
[Black "Shankland, Sam"]
[Result "0-1"]
[WhiteElo "2257"]
[BlackElo "2646"]
[PlyCount "84"]
[EventDate "2016.06.18"]
[EventType "tourn"]
[EventRounds "9"]
[EventCountry "CAN"]

1. e4 e5 2. Nf3 Nc6 3. Bb5 a6 4. Ba4 Nf6 5. O-O Be7 6. Re1 b5 7. Bb3 d6 8. c3
O-O 9. h3 Bb7 10. d4 Nd7 11. a4 Na5 12. Bc2 c5 13. dxc5 dxc5 14. Nbd2 Qc7 15.
Nf1 Nc4 16. Qe2 Nd6 17. Ne3 Rae8 18. axb5 axb5 19. Rd1 Nf6 20. Nxe5 Bd8 21. Nf3
Nfxe4 22. Qf1 Bc6 23. Nd5 Qb7 24. Nf4 Bb6 25. Ng5 Nxg5 26. Rxd6 Ne4 27. Bxe4
Rxe4 28. Rd1 c4 29. Bd2 Qc7 30. Ne2 h6 31. Nd4 Bxd4 32. cxd4 Rxd4 33. Bb4 Rfd8
34. Rxd4 Rxd4 35. Rd1 Re4 36. Re1 Rf4 37. Qe2 Rf6 38. Qe5 Qb7 39. f3 Bxf3 40.
gxf3 Qxf3 41. Qe8+ Kh7 42. Qe4+ Rg6+ 0-1

[Event "11th Edmonton International"]
[Site "Edmonton"]
[Date "2016.06.22"]
[Round "5.4"]
[White "Banerjee, Bitan"]
[Black "Valencia, Belsar"]
[Result "1/2-1/2"]
[WhiteElo "2341"]
[BlackElo "2277"]
[PlyCount "61"]
[EventDate "2016.06.18"]
[EventType "tourn"]
[EventRounds "9"]
[EventCountry "CAN"]

1. d4 Nf6 2. c4 g6 3. Nc3 Bg7 4. e4 d6 5. h3 O-O 6. Be3 e5 7. d5 c6 8. Nf3 Na6
9. Be2 Bd7 10. Nd2 Nc7 11. a3 a5 12. Na4 b5 13. Nb6 Rb8 14. Nxd7 Qxd7 15. dxc6
Qxc6 16. Rc1 b4 17. f3 bxa3 18. bxa3 Nd7 19. O-O Nc5 20. Rb1 N7e6 21. Nb3 Nxb3
22. Rxb3 Nd4 23. Bxd4 exd4 24. Bd3 Rb6 25. Qc2 Rfb8 26. Rfb1 Rxb3 27. Rxb3 Rxb3
28. Qxb3 Be5 29. Kf2 Qc5 30. g3 g5 31. Qb2 1/2-1/2

[Event "11th Edmonton International"]
[Site "Edmonton"]
[Date "2016.06.24"]
[Round "6.1"]
[White "Shirov, Alexei"]
[Black "Findlay, Ian"]
[Result "1-0"]
[WhiteElo "2682"]
[BlackElo "2257"]
[PlyCount "75"]
[EventDate "2016.06.18"]
[EventType "tourn"]
[EventRounds "9"]
[EventCountry "CAN"]

1. e4 c5 2. Nf3 d6 3. d4 cxd4 4. Nxd4 Nf6 5. Nc3 g6 6. Be3 Bg7 7. f3 Nc6 8. Qd2
O-O 9. Bc4 Bd7 10. O-O-O Rc8 11. Bb3 Nxd4 12. Bxd4 b5 13. Nd5 Nxd5 14. Bxg7
Kxg7 15. exd5 a5 16. a3 Kg8 17. Rhe1 Rc5 18. Re3 b4 19. axb4 axb4 20. Qxb4 Qa8
21. Bc4 Rb8 22. Ra3 Rxb4 23. Rxa8+ Kg7 24. b3 Rb7 25. Rd4 h5 26. Kd2 Bb5 27.
Ra5 g5 28. h4 Kf6 29. g3 Ke5 30. Re4+ Kf6 31. Ke3 gxh4 32. Rxh4 Kg6 33. Kd4 e5+
34. dxe6 fxe6 35. Bxe6 Be2 36. Rxc5 dxc5+ 37. Ke3 Bd1 38. Bd5 1-0

[Event "11th Edmonton International"]
[Site "Edmonton"]
[Date "2016.06.24"]
[Round "6.2"]
[White "Valencia, Belsar"]
[Black "Ganguly, Surya"]
[Result "0-1"]
[WhiteElo "2277"]
[BlackElo "2654"]
[PlyCount "76"]
[EventDate "2016.06.18"]
[EventType "tourn"]
[EventRounds "9"]
[EventCountry "CAN"]

1. d4 Nf6 2. c4 e6 3. Nc3 Bb4 4. e3 O-O 5. Nge2 c6 6. a3 Ba5 7. g3 d5 8. cxd5
exd5 9. Bg2 Re8 10. b4 Bc7 11. b5 Nbd7 12. O-O Nb6 13. Qd3 Be6 14. f3 Qd7 15.
bxc6 bxc6 16. Qa6 Bf5 17. Na4 Qd6 18. Nc5 Nfd7 19. Nxd7 Qxd7 20. Ra2 h5 21. Rd1
h4 22. g4 Bb1 23. Rb2 Bh7 24. Nc3 Nc4 25. Re2 Qd6 26. f4 Ba5 27. Na4 Be4 28.
Bxe4 Rxe4 29. Nb2 Nxb2 30. Rxb2 Bc7 31. Qf1 Rae8 32. Rc2 Qg6 33. Rg2 Bb6 34. a4
Qd6 35. Qd3 c5 36. dxc5 Qxc5 37. Rc2 Qe7 38. Kg2 Bxe3 0-1

[Event "11th Edmonton International"]
[Site "Edmonton"]
[Date "2016.06.24"]
[Round "6.3"]
[White "Banerjee, Bitan"]
[Black "Sethuraman, S P."]
[Result "1/2-1/2"]
[WhiteElo "2341"]
[BlackElo "2653"]
[PlyCount "75"]
[EventDate "2016.06.18"]
[EventType "tourn"]
[EventRounds "9"]
[EventCountry "CAN"]

1. d4 Nf6 2. c4 b6 3. Nc3 Bb7 4. Qc2 e6 5. e4 Bb4 6. f3 c5 7. d5 Qe7 8. Be2 b5
9. Bg5 h6 10. Bh4 d6 11. dxe6 fxe6 12. e5 dxe5 13. cxb5 Nbd7 14. Bd3 O-O 15.
Nge2 g5 16. Bg3 e4 17. Bxe4 Bxe4 18. fxe4 Ng4 19. e5 Ne3 20. Qe4 Nf5 21. O-O
Qg7 22. Rad1 Rae8 23. Nd5 Ba5 24. Nf6+ Nxf6 25. exf6 Qxf6 26. Be5 Qe7 27. Ng3
Bb6 28. Nh5 c4+ 29. Kh1 Rd8 30. Rxd8 Bxd8 31. g4 Qf7 32. Qc6 Kh7 33. gxf5 Qxh5
34. Qd7+ Qf7 35. Rd1 Be7 36. Qxe6 Qxf5 37. Qxe7+ Rf7 38. Qd6 1/2-1/2

[Event "11th Edmonton International"]
[Site "Edmonton"]
[Date "2016.06.24"]
[Round "6.4"]
[White "Shankland, Sam"]
[Black "Sambuev, Bator"]
[Result "1-0"]
[WhiteElo "2646"]
[BlackElo "2540"]
[PlyCount "143"]
[EventDate "2016.06.18"]
[EventType "tourn"]
[EventRounds "9"]
[EventCountry "CAN"]

1. e4 d5 2. exd5 Qxd5 3. Nf3 Bg4 4. Be2 Nc6 5. O-O O-O-O 6. d3 e5 7. h3 Bf5 8.
Be3 Qd7 9. Nbd2 Nge7 10. Ne4 Nd5 11. Ng3 Bg6 12. Nh4 Kb8 13. Bf3 Be7 14. Nxg6
hxg6 15. Bd2 f5 16. Re1 Bf6 17. Bxd5 Qxd5 18. Bc3 Rh4 19. Qe2 Qd7 20. Rad1 a6
21. a3 g5 22. Qf3 Rf4 23. Qh5 Nd4 24. Rd2 Rh4 25. Qd1 g6 26. Bxd4 Rxd4 27. Qe2
Qb5 28. b3 Qc5 29. a4 Rh8 30. Qe3 Qb4 31. c3 Qxc3 32. Ne2 Qb4 33. Nxd4 exd4 34.
Qe2 g4 35. Rdd1 gxh3 36. Qe6 Qf8 37. g3 Qg7 38. Kh2 f4 39. gxf4 Bh4 40. Qe5 Qh6
41. Rc1 Rc8 42. Qxd4 Rd8 43. Qe5 Qh7 44. Rc3 Qf7 45. Qe3 g5 46. Rc4 g4 47. Rg1
Qd7 48. Re4 Rg8 49. Qe2 Ka7 50. a5 Bf6 51. Qe3+ Kb8 52. b4 c6 53. Re1 Bd8 54.
Re6 Kc8 55. Qe4 Qg7 56. Qf5 Qd7 57. R6e5 Qxf5 58. Rxf5 Bh4 59. Ree5 Rd8 60. Rf7
Rg8 61. Rh5 Bxf2 62. Rg5 Rd8 63. Rxg4 c5 64. f5 cxb4 65. Rc4+ Kb8 66. Rxb4 Rxd3
67. Rbxb7+ Kc8 68. Rfc7+ Kd8 69. Rg7 Kc8 70. Rbf7 Rd8 71. Kxh3 Bd4 72. Rg6 1-0

[Event "11th Edmonton International"]
[Site "Edmonton"]
[Date "2016.06.24"]
[Round "7.1"]
[White "Sambuev, Bator"]
[Black "Shirov, Alexei"]
[Result "0-1"]
[WhiteElo "2540"]
[BlackElo "2682"]
[PlyCount "112"]
[EventDate "2016.06.18"]
[EventType "tourn"]
[EventRounds "9"]
[EventCountry "CAN"]

1. Nf3 d5 2. c4 c6 3. e3 Nf6 4. Nc3 e6 5. b3 Nbd7 6. Qc2 Bd6 7. Bb2 O-O 8. h3
a6 9. g4 b5 10. g5 Nh5 11. Be2 Bb7 12. O-O-O g6 13. Nh2 Bxh2 14. Rxh2 Qxg5 15.
h4 Qh6 16. Rg1 Ndf6 17. c5 e5 18. Qf5 Rfe8 19. Qg5 Qxg5 20. hxg5 Nd7 21. Bxh5
gxh5 22. b4 a5 23. a3 axb4 24. axb4 Nf8 25. Ne2 Bc8 26. f4 Bg4 27. fxe5 Ng6 28.
d4 Ra4 29. Kc2 Rxb4 30. Ra1 Bf5+ 31. Kc1 h4 32. Ng1 Rc4+ 33. Kd1 b4 34. Ra6 b3
35. Ke1 h3 36. Rb6 Rc2 37. Rxc2 bxc2 38. Nxh3 Bxh3 39. Rxc6 Bf5 40. Rf6 Ne7 41.
Kd2 Rc8 42. Ba3 Be4 43. e6 fxe6 44. Rxe6 Nc6 45. Kc3 Kf7 46. Rf6+ Ke7 47. Bc1
Nd8 48. Ra6 Nc6 49. Bb2 Kf7 50. Ra1 Kg6 51. Rg1 Rb8 52. Rg4 Nb4 53. Ba3 Na2+
54. Kd2 Rb3 55. Rxe4 dxe4 56. Kxc2 Rxa3 0-1

[Event "11th Edmonton International"]
[Site "Edmonton"]
[Date "2016.06.24"]
[Round "7.3"]
[White "Sethuraman, S P."]
[Black "Valencia, Belsar"]
[Result "1-0"]
[WhiteElo "2653"]
[BlackElo "2277"]
[PlyCount "85"]
[EventDate "2016.06.18"]
[EventType "tourn"]
[EventRounds "9"]
[EventCountry "CAN"]

1. d4 Nf6 2. Bf4 g6 3. Nc3 d5 4. e3 Bg7 5. h4 c6 6. Be2 h5 7. Qd2 Bf5 8. Nf3
Nbd7 9. Ng5 Nh7 10. f3 Nxg5 11. Bxg5 Nf6 12. Na4 b5 13. Nc5 Nd7 14. Nd3 Nb6 15.
Qc3 Qc8 16. O-O-O Bxd3 17. Bxd3 Qd7 18. e4 Bh6 19. Bxh6 Rxh6 20. Kb1 a6 21.
Rhe1 e6 22. Re2 Rh8 23. Rde1 O-O-O 24. exd5 Nxd5 25. Qd2 Qc7 26. Re5 Kb8 27. c4
bxc4 28. Bxc4 Ka7 29. Rc1 Rd7 30. Bb3 Rb8 31. g4 hxg4 32. fxg4 Qb6 33. h5 gxh5
34. gxh5 Ne7 35. Rec5 Rbd8 36. Qf2 Nf5 37. d5 Rc7 38. Qf4 Nd6 39. Rxc6 Rxc6 40.
Rxc6 Qg1+ 41. Rc1 Qg2 42. dxe6 fxe6 43. Qd4+ 1-0

[Event "11th Edmonton International"]
[Site "Edmonton"]
[Date "2016.06.24"]
[Round "7.4"]
[White "Haessel, Dale"]
[Black "Shankland, Sam"]
[Result "0-1"]
[WhiteElo "2234"]
[BlackElo "2646"]
[PlyCount "52"]
[EventDate "2016.06.18"]
[EventType "tourn"]
[EventRounds "9"]
[EventCountry "CAN"]

1. d4 Nf6 2. c4 e6 3. Nf3 b6 4. a3 c5 5. d5 Ba6 6. b3 exd5 7. cxd5 g6 8. Bb2
Bg7 9. Nc3 O-O 10. Qc2 Re8 11. g3 d6 12. e3 Bb7 13. Rd1 Na6 14. Bg2 Nc7 15. O-O
Nfxd5 16. Nh4 Nxc3 17. Bxb7 Nxd1 18. Bxg7 Kxg7 19. Bxa8 Nxe3 20. fxe3 Nxa8 21.
Qc4 Qe7 22. e4 Nc7 23. Rf4 Ne6 24. Rg4 Nd4 25. Qc3 Qe5 26. Qe3 d5 0-1

[Event "11th Edmonton International"]
[Site "Edmonton"]
[Date "2016.06.24"]
[Round "7.5"]
[White "Findlay, Ian"]
[Black "Banerjee, Bitan"]
[Result "0-1"]
[WhiteElo "2257"]
[BlackElo "2341"]
[PlyCount "72"]
[EventDate "2016.06.18"]
[EventType "tourn"]
[EventRounds "9"]
[EventCountry "CAN"]

1. e4 e6 2. d4 d5 3. Nd2 Nf6 4. e5 Nfd7 5. Bd3 c5 6. c3 Nc6 7. Ne2 a5 8. O-O a4
9. a3 cxd4 10. cxd4 Nb6 11. Nf3 Na5 12. Bg5 Qc7 13. Rc1 Nac4 14. Rc2 Bd7 15.
Nc3 Bc6 16. Qe2 h6 17. Bc1 Be7 18. Nd2 Na5 19. f4 g6 20. g4 Rg8 21. Kh1 Nbc4
22. f5 b5 23. Nf3 g5 24. Qf2 Qa7 25. f6 Bd8 26. h4 gxh4 27. Bxh6 Rxg4 28. Rg1
Rxg1+ 29. Qxg1 Kd7 30. Qg8 Kc8 31. Rg2 Nb3 32. Rg4 b4 33. axb4 Nxb2 34. Nb5
Bxb5 35. Bxb5 a3 36. Qe8 Qc7 0-1

[Event "11th Edmonton International"]
[Site "Edmonton"]
[Date "2016.06.25"]
[Round "8.1"]
[White "Shirov, Alexei"]
[Black "Haessel, Dale"]
[Result "1-0"]
[WhiteElo "2682"]
[BlackElo "2234"]
[PlyCount "61"]
[EventDate "2016.06.18"]
[EventType "tourn"]
[EventRounds "9"]
[EventCountry "CAN"]

1. e4 e5 2. Nf3 Nc6 3. Bb5 Nf6 4. O-O Nxe4 5. d4 Nd6 6. Bxc6 dxc6 7. dxe5 Nf5
8. Qxd8+ Kxd8 9. Nc3 Ke8 10. h3 h5 11. Bf4 Be7 12. Rad1 Be6 13. Ng5 Rh6 14. g3
Bxg5 15. Bxg5 Rg6 16. h4 f6 17. exf6 gxf6 18. Bf4 Nxh4 19. f3 Nf5 20. Kf2 Kf7
21. Rh1 Rag8 22. Rxh5 Rc8 23. g4 Ne7 24. Ne4 b6 25. Re1 Nd5 26. Bg3 Nb4 27.
Bxc7 Kg8 28. Nd6 Rxc7 29. Rxe6 Nxc2 30. Re8+ Kg7 31. Reh8 1-0

[Event "11th Edmonton International"]
[Site "Edmonton"]
[Date "2016.06.25"]
[Round "8.2"]
[White "Shankland, Sam"]
[Black "Ganguly, Surya"]
[Result "1-0"]
[WhiteElo "2646"]
[BlackElo "2654"]
[PlyCount "87"]
[EventDate "2016.06.18"]
[EventType "tourn"]
[EventRounds "9"]
[EventCountry "CAN"]

1. d4 Nf6 2. c4 e6 3. Nc3 d5 4. cxd5 Nxd5 5. e4 Nxc3 6. bxc3 c5 7. Rb1 Be7 8.
Bc4 O-O 9. Ne2 Nc6 10. O-O b6 11. Be3 Bb7 12. Nf4 cxd4 13. cxd4 Rc8 14. Nxe6
fxe6 15. Bxe6+ Kh8 16. Bxc8 Qxc8 17. Qa4 b5 18. Rxb5 Ba6 19. Rfb1 Bxb5 20. Qxb5
h6 21. h3 a6 22. Qb7 Qxb7 23. Rxb7 Bg5 24. Rc7 Nb4 25. a3 Nd3 26. e5 Rb8 27.
Kh2 Kh7 28. Kg3 Rf8 29. Rc6 Bf4+ 30. Kf3 Ne1+ 31. Ke4 Nxg2 32. d5 Nxe3 33. fxe3
Bg3 34. d6 Re8 35. d7 Rd8 36. e6 Bh4 37. Kd5 Kg8 38. Rxa6 Kf8 39. Ra4 Bf6 40.
Rc4 Ke7 41. Rc8 Bg5 42. a4 Bxe3 43. a5 h5 44. Kc6 1-0

[Event "11th Edmonton International"]
[Site "Edmonton"]
[Date "2016.06.25"]
[Round "8.3"]
[White "Sethuraman, S P."]
[Black "Findlay, Ian"]
[Result "1-0"]
[WhiteElo "2653"]
[BlackElo "2257"]
[PlyCount "121"]
[EventDate "2016.06.18"]
[EventType "tourn"]
[EventRounds "9"]
[EventCountry "CAN"]

1. Nf3 Nf6 2. c4 e6 3. e3 d5 4. b3 c5 5. Bb2 Nc6 6. cxd5 exd5 7. Bb5 Bd6 8. d4
O-O 9. dxc5 Bxc5 10. O-O Qd6 11. Qc2 Nb4 12. Qe2 Bg4 13. a3 Nc6 14. Nbd2 Rfe8
15. Qd3 Rad8 16. Rfc1 Bb6 17. b4 Re7 18. Bxc6 bxc6 19. Nd4 Bd7 20. a4 Ne4 21.
N2f3 Ree8 22. Ba3 Qh6 23. Ra2 Rc8 24. Rac2 g5 25. g3 g4 26. Nh4 Bd8 27. Ng2 Ng5
28. Bb2 Bf6 29. Ne1 Nh3+ 30. Kg2 Bg5 31. b5 c5 32. Nc6 Nxf2 33. Rxf2 Bxe3 34.
Rd1 Rxc6 35. bxc6 Bxc6 36. Qe2 d4+ 37. Kg1 Qg6 38. Ng2 Qe4 39. Kf1 c4 40. Bxd4
Bxd4 41. Qxe4 Rxe4 42. Rf4 Rxf4+ 43. Nxf4 Be5 44. a5 a6 45. Rd8+ Kg7 46. Rc8
Bb5 47. Nd5 h5 48. Kf2 Bd4+ 49. Ke2 Be5 50. Ke3 h4 51. gxh4 Bxh2 52. Nc3 Bd7
53. Rxc4 Bg3 54. h5 Be5 55. Rc5 f6 56. Nd5 Kh6 57. Nf4 Bb5 58. Rc8 Kg5 59. Rg8+
Kf5 60. Nd5 g3 61. h6 1-0

[Event "11th Edmonton International"]
[Site "Edmonton"]
[Date "2016.06.25"]
[Round "8.4"]
[White "Banerjee, Bitan"]
[Black "Sambuev, Bator"]
[Result "1/2-1/2"]
[WhiteElo "2341"]
[BlackElo "2540"]
[PlyCount "131"]
[EventDate "2016.06.18"]
[EventType "tourn"]
[EventRounds "9"]
[EventCountry "CAN"]

1. d4 d6 2. c4 g6 3. Nc3 Bg7 4. e4 e5 5. d5 a5 6. Bd3 Na6 7. h3 h5 8. Nf3 Bd7
9. a3 Bh6 10. Bxh6 Nxh6 11. Rb1 Nc5 12. b4 axb4 13. axb4 Nxd3+ 14. Qxd3 Kf8 15.
Ke2 Kg7 16. Ra1 Qe7 17. Kd2 f5 18. Kc2 Nf7 19. h4 c6 20. Kb2 fxe4 21. Nxe4 cxd5
22. cxd5 Bf5 23. Qe3 Rxa1 24. Rxa1 Rc8 25. Rc1 Rxc1 26. Kxc1 Qc7+ 27. Qc3 Qb6
28. Nfg5 Bxe4 29. Nxe4 Qb5 30. Qf3 Qc4+ 31. Kb2 Qxb4+ 32. Kc2 Qc4+ 33. Kb2 Qb5+
34. Kc1 Qc4+ 35. Kb2 Qd4+ 36. Kc2 Qxd5 37. Qf6+ Kh7 38. f3 Qc6+ 39. Kd2 Qc7 40.
g4 hxg4 41. fxg4 d5 42. Nc5 Qxc5 43. Qxf7+ Kh6 44. Qf6 Qa5+ 45. Kc2 Qc7+ 46.
Kd1 Kh7 47. h5 gxh5 48. Qf5+ Kh8 49. Qf8+ Kh7 50. Qf5+ Kg8 51. Qg6+ Kh8 52.
Qh6+ Kg8 53. Qg6+ Kf8 54. Qf6+ Qf7 55. Qh8+ Ke7 56. Qxe5+ Qe6 57. Qg7+ Qf7 58.
Qe5+ Kd7 59. gxh5 Qf3+ 60. Kd2 b5 61. h6 Qg2+ 62. Kc3 Qh3+ 63. Kb4 Qxh6 64.
Qxd5+ Qd6+ 65. Qxd6+ Kxd6 66. Kxb5 1/2-1/2

[Event "11th Edmonton International"]
[Site "Edmonton"]
[Date "2016.06.26"]
[Round "9.1"]
[White "Ganguly, Surya"]
[Black "Shirov, Alexei"]
[Result "1-0"]
[WhiteElo "2654"]
[BlackElo "2682"]
[PlyCount "87"]
[EventDate "2016.06.18"]
[EventType "tourn"]
[EventRounds "9"]
[EventCountry "CAN"]
[WhiteClock "1:33:12"]
[BlackClock "1:25:28"]

1. e4 c5 2. Nf3 Nc6 3. d4 cxd4 4. Nxd4 Nf6 5. Nc3 e5 6. Ndb5 d6 7. Bg5 a6 8.
Na3 b5 9. Nd5 Be7 10. Bxf6 Bxf6 11. c3 Bg5 12. Nc2 Rb8 13. a4 bxa4 14. Ncb4
Nxb4 15. cxb4 O-O 16. Rxa4 a5 17. h4 Bh6 18. b5 Bd7 19. Nc3 d5 20. exd5 e4 21.
Be2 f5 22. d6 Kh8 23. g3 f4 24. Rxe4 Bf5 25. Re5 Qf6 26. Qd5 fxg3 27. fxg3 Qg6
28. g4 Bc8 29. Ne4 Bb7 30. h5 Qxe4 31. Qxe4 Bxe4 32. Rxe4 Rfd8 33. Rd4 Bc1 34.
d7 Bxb2 35. Rd5 Rb7 36. O-O g6 37. h6 Ba3 38. Rf7 a4 39. Re5 Rbb8 40. Bc4 Bf8
41. Kg2 a3 42. Ba2 Bd6 43. Re6 Bf8 44. b6 1-0

[Event "11th Edmonton International"]
[Site "Edmonton"]
[Date "2016.06.26"]
[Round "9.4"]
[White "Haessel, Dale"]
[Black "Banerjee, Bitan"]
[Result "0-1"]
[WhiteElo "2234"]
[BlackElo "2341"]
[PlyCount "60"]
[EventDate "2016.06.18"]
[EventType "tourn"]
[EventRounds "9"]
[EventCountry "CAN"]
[WhiteClock "0:01:59"]
[BlackClock "0:15:59"]

1. d4 Nf6 2. c4 g6 3. Nc3 Bg7 4. e4 d6 5. Be2 O-O 6. Be3 Na6 7. g4 c5 8. g5 Nd7
9. d5 Nc7 10. h4 b5 11. cxb5 a6 12. bxa6 Bxa6 13. h5 Ne5 14. f4 Nc4 15. Bxc4
Bxc4 16. Qd2 Qd7 17. Qh2 Rfb8 18. hxg6 hxg6 19. f5 Nxd5 20. f6 exf6 21. exd5
Qe7 22. Qd2 fxg5 23. Nge2 Rxb2 24. Qxb2 Qxe3 25. Kd1 Bxe2+ 26. Qxe2 Qxc3 27.
Rb1 Qd4+ 28. Kc1 Be5 29. Rb3 Qa1+ 30. Rb1 Bf4+ 0-1

[Event "11th Edmonton International"]
[Site "Edmonton"]
[Date "2016.06.26"]
[Round "9.5"]
[White "Findlay, Ian"]
[Black "Valencia, Belsar"]
[Result "0-1"]
[WhiteElo "2257"]
[BlackElo "2277"]
[PlyCount "116"]
[EventDate "2016.06.18"]
[EventType "tourn"]
[EventRounds "9"]
[EventCountry "CAN"]
[WhiteClock "0:06:04"]
[BlackClock "0:03:12"]

1. e4 c5 2. Nf3 e6 3. d4 cxd4 4. Nxd4 a6 5. Nc3 Qc7 6. Bd3 Nc6 7. Nxc6 bxc6 8.
Qe2 d6 9. b3 Be7 10. Bb2 Nf6 11. O-O a5 12. Na4 e5 13. c4 Nd7 14. Rac1 c5 15.
Nc3 Bb7 16. Rcd1 O-O 17. Bc2 Rfe8 18. Nb5 Qb6 19. Qd2 Nf8 20. Nxd6 Rad8 21.
Bxe5 f6 22. Qf4 Ng6 23. Qg3 fxe5 24. Nxe8 Rxe8 25. Rd2 Nf4 26. Rfd1 Bc8 27. Bd3
h5 28. Bf1 Qc7 29. Qc3 Ne6 30. Be2 g6 31. Qg3 Kf7 32. Qf3+ Kg7 33. Qg3 h4 34.
Qc3 Nd4 35. h3 Rf8 36. Re1 Qb6 37. Bd1 Bg5 38. Rb2 Qb4 39. Qxb4 cxb4 40. Bg4
Bb7 41. f3 Bc6 42. Ra1 Be7 43. Rc1 Bc5 44. Kh2 Kh6 45. Rf1 Bxe4 46. Re1 Bc6 47.
Kh1 Re8 48. Rd2 Kg7 49. Kh2 Kf6 50. Kh1 g5 51. Kh2 a4 52. bxa4 Ra8 53. g3 hxg3+
54. Kxg3 Rxa4 55. h4 gxh4+ 56. Kxh4 Nf5+ 57. Bxf5 Kxf5 58. Rd8 Be7+ 0-1

[Event "2016 Canadian Open"]
[Site "Windsor"]
[Date "2016.07.10"]
[Round "1"]
[White "Shi, Diwen"]
[Black "Profit, Brian"]
[Result "1-0"]
[WhiteElo "2224"]
[BlackElo "1989"]
[PlyCount "71"]
[EventDate "2016.07.10"]
[EventType "swiss"]
[EventRounds "9"]
[EventCountry "CAN"]
[SourceTitle "hb 2016"]

1. d4 e6 2. e4 d5 3. e5 c5 4. c3 Nc6 5. Nf3 Bd7 6. Be2 Nge7 7. dxc5 Ng6 8. c4
dxc4 9. Be3 Qa5+ 10. Qd2 Qxd2+ 11. Nbxd2 Ncxe5 12. Nxe5 Nxe5 13. Nxc4 Nxc4 14.
Bxc4 Rc8 15. b4 Be7 16. O-O O-O 17. Rfc1 Rfd8 18. Be2 Bc6 19. h3 a6 20. a4 Bf6
21. Ra2 Bd4 22. b5 Bxe3 23. fxe3 axb5 24. axb5 Bd5 25. Ra7 Kf8 26. Bf3 Bxf3 27.
gxf3 Rd5 28. Rxb7 Rdxc5 29. Rxc5 Rxc5 30. Kf2 Ke8 31. Ke2 Rd5 32. b6 Rf5 33.
Ra7 Rb5 34. Rb7 Rf5 35. e4 Rb5 36. Kd3 1-0

[Event "2016 Canadian Open"]
[Site "Windsor"]
[Date "2016.07.11"]
[Round "2"]
[White "Li, Ben"]
[Black "Shi, Diwen"]
[Result "1/2-1/2"]
[WhiteElo "2324"]
[BlackElo "2132"]
[PlyCount "95"]
[EventDate "2016.07.10"]
[EventType "swiss"]
[EventRounds "9"]
[EventCountry "CAN"]

1. d4 Nf6 2. c4 e6 3. Nf3 b6 4. a3 Ba6 5. Qc2 Bb7 6. Nc3 c5 7. e4 cxd4 8. Nxd4
d6 9. Be2 Be7 10. Be3 Nc6 11. O-O O-O 12. Rfd1 Qc7 13. Rac1 Rac8 14. f3 Qb8 15.
Qd2 Nxd4 16. Bxd4 Rfd8 17. Bf1 h6 18. Qe1 Nd7 19. b3 Bf6 20. Be3 Be5 21. h3 Nf6
22. Qh4 d5 23. exd5 Bg3 24. Qd4 exd5 25. Nxd5 Nxd5 26. cxd5 Rxd5 27. Qg4 Rxc1
28. Rxc1 h5 29. Qc4 Qe5 30. Bf2 Bxf2+ 31. Kxf2 Rc5 32. Re1 Qb2+ 33. Re2 Rxc4
34. Rxb2 Rc7 35. h4 Bd5 36. Be2 g6 37. Bd1 Be6 38. Ke3 Kf8 39. Rd2 Ke7 40. b4
Rc3+ 41. Rd3 Rc4 42. g3 Bf5 43. Rb3 Bc2 44. Bxc2 Rxc2 45. Rd3 Ke6 46. Kf4 f6
47. Ke4 Rc4+ 48. Ke3 1/2-1/2